Online Catalogue and eLibrary

Delowak athara (Record no. 4865)

MARC details
000 -LEADER
fixed length control field 00368nam a2200157Ia 4500
005 - DATE AND TIME OF LATEST TRANSACTION
control field 20250703031325.0
008 - FIXED-LENGTH DATA ELEMENTS--GENERAL INFORMATION
fixed length control field 240331s9999 xx 000 0 und d
020 ## - INTERNATIONAL STANDARD BOOK NUMBER
ISBN 9552110823
082 ## - DDC Classification
Item Number - Author Mark DHA
Class No. 891
100 ## - MAIN ENTRY--PERSONAL NAME
Personal name Dharmawardena,G
245 #0 - TITLE STATEMENT
Title Delowak athara
260 ## - PUBLICATION, DISTRIBUTION, ETC.
Place of publication, distribution, etc. Colombo
Name of publisher, distributor, etc. M.D.Gunasena Book & Co
Date of publication, distribution, etc. 2000
300 ## - PHYSICAL DESCRIPTION
Extent (e.g. Volumes, Pages etc.) 93 p .,
650 ## - SUBJECT ADDED ENTRY--TOPICAL TERM
Topical term or geographic name entry element Story
942 ## - Koha item type (Biblio)
Koha item type Books in Stacks (Lending)
Holdings
Lost status Damaged status Collection code Home library Current library Shelving location Date acquired Full call number Accession Number Item type
    Lending WERC Library WERC Library Social Science Cupboard 03/31/2024 891.48 DHA 4712 Books in Stacks (Lending)

© WERC Library